Регионална библиотека "Любен Каравелов" - Русе

Падането на Берлин 1945 (Запис номер 390704)

MARC детайли
000 -Лидер
Контролно поле с фиксирана дължина 01721nam a2200349 a 4500
003 - Код на организацията, давaща контролен номер
Контролно поле BLK
005 - Дата и час на последна редакция
Контролно поле 20240924114541.0
008 - Елементи от данни с фиксирана дължина
fixed length control field 201026b bu |||||r|||| 00| | bu d
020 ## - Международен стандартен номер на книга ISBN
Международен стандартен номер на книга ISBN 9786190105190
040 ## - Източник на каталожния запис
Идентификатор на билиотеката - собственик на записа BLK
041 ## - Код за език
Код за езика на текст/звукозапис или на отделно заглавие Български
Код за езика КДБФ Български
080 ## - УДК
Текстов определител УДК Втора световна война
УДК код - определител по УДК 94(100)"1939/1945"
УДК - код + определител 94(100)"1939/1945"
080 ## - УДК
Текстов определител УДК История на войните. Военни кампании. Битки. Военни подвизи
УДК код - определител по УДК 355.48
УДК - код + определител 355.48(430)
100 ## - Редна дума - Автор
R(LIN) 300912
Автор Бийвър, Антъни
Авторска отговорност първи автор
139 ## - Редно поле
Редна дума Бийвър, Антъни
Авторски знак Би - Б 44
245 ## - Сведения за заглавието
Заглавие Падането на Берлин 1945
Редно поле (дума) Антъни Бийвър ; прев. от англ. Галина Лозанова, Николай Вуков
260 ## - Област на издателските данни
9 (RLIN) 210881
Място на издаване, разпространение и проч. София
Име на издателя, разпространителя и проч. Изток-Запад
Година на издаване 2019
Издателство - префикс ISBN 978-619-01- ; 978-619-152- ; 978-954-321- ; 954-8945-
300 ## - Физическа характеристика
Страници 478 с.
Илюстрации и др. с ил., портр.,к.
Размери/Мащаб 25 см
380 ## - Жанр
Жанр История
500 ## - Общи забележки
Забележка Ориг. загл.: Berlin. The downfall: 1945 / Antony Beevor<br/>Биогр. данни за авт. - Речник: с. 438-439 ; Азб. показалец
504 ## - Забележка за наличие на библиография и др
Забележка за наличие на библиография и под. Библиогр.: с. 459-466
650 #0 - Допълнително описание по предмет – тема
9 (RLIN) 266732
Основно описание – тема или топоним Втора световна война
653 #7 - Ключова дума – ненормативна
9 (RLIN) 183507
Ключова дума военна история
653 #7 - Ключова дума – ненормативна
9 (RLIN) 183529
Ключова дума военни действия
700 1# - Други автори (авторска отговорност)
Лично име Лозанова, Галина Каменова
Дати, свързани с автора 1955 -
9 (RLIN) 89394
700 ## - Други автори (авторска отговорност)
9 (RLIN) 1021
Лично име Вуков, Николай Иванов
Автороска отговорност (Описва отношението между автора и произведението) прев. от англ.
852 ## - Местоположение
Фондова буква Хранилище
852 ## - Местоположение
Фондова буква Заемна - подръчен фонд
Систематично-азбучна сигнатура 94(100)"1939/1945"/Б 44 А
999 ## - СИСТЕМНИ КОНТРОЛНИ НОМЕРА
Koha biblionumber 390704
Koha biblioitemnumber 390704
942 ## - АРТИКУЛИ
Вид на библиотечния материал Книги
Скрит в OPAC Не
Периодичен библиозапис Да
Koha issues (borrowed), all copies 9
944 ## - СЪЗДАВАНЕ И РЕДАКЦИЯ на ЗАПИСА
Създаване/Редакция Създаване
Дата на регистрацията/редакция 2020-10-26
Служител, извършил регистрацията/редакцията 30560
Статус, дата на статуса Геновева Генчева
944 ## - СЪЗДАВАНЕ И РЕДАКЦИЯ на ЗАПИСА
Създаване/Редакция Редакция
Дата на регистрацията/редакция 2021-08-04
Служител, извършил регистрацията/редакцията ГГГ
Наличности
Код за отписване Код за изгубен артикул Източник на класификационната схема Код за повреда Коз за рестрикции Код за отдаване Артикулен № Име на библиотеката - собственик Име на библиотеката, в която се намира в момента Статус (Текущо местоположение) Дата на вписване в системата Местоположение - отдел Цена в лева Систематично азбучна сигнатура Баркод Цена в евро Служебен тип на артикула
  Не е изгубен Universal Decimal Classification Не е повреден само за читалня ползва се в читалня 805243 Регионална библиотека "Любен Каравелов" Русе Регионална библиотека "Любен Каравелов" Русе Хранилище 2020-11-17 Хранилище 39.00 Цб 304464 120000849865 19.94 Книги
  Не е изгубен Universal Decimal Classification Не е повреден без рестрикции заемане за дома 846981 Регионална библиотека "Любен Каравелов" Русе Регионална библиотека "Любен Каравелов" Русе Заемна - подръчен фонд 2021-08-06 Заемна - подръчен фонд 29.24 94(100)"1939/1945"/Б 44 А 120000859361 14.95 Книги
Vip Innovations Ltd, Rousse, Bulgaria 2025